000 00700nam a2200253Ia 4500
001 29616
005 20240114001140.0
007 ta
008 060703s 199 g b000 u 465 u
040 _aCotton College,Assam
041 _a465
082 _a930.1
_bSi 61 Ar
100 _aSingh, Jai Prakash .
245 0 _aArchaeology of North Eastern India /
_cJai Prakash Singh & G. Sengupta.
_hTextual Documents
250 _a1st ed. /
260 _aNew Delhi :
_bVikas Publishing House Pvt. Ltd. ,
_cC 1991.
300 _a372p. ;
_c22cm.
653 _aGeography
653 _aG-Geography
700 _aSengupta, G. .
942 _2ddc
_cBK
999 _c29598
_d29598